| 000 | 01214nam a2200277 i 4500 | ||
|---|---|---|---|
| 001 | 000046525 | ||
| 003 | DO-SdBNP | ||
| 005 | 20250905145405.0 | ||
| 007 | ta | ||
| 008 | 150821s2015 dr c 000 0 spa d | ||
| 020 | _a9789945423334 | ||
| 040 |
_aDO-SdBNP _bspa _cBNPHU _erda |
||
| 082 | 4 |
_aXXX _bC247m _222 |
|
| 100 | 1 |
_aCappelli, Simona, _eautor _4aut. _974512 |
|
| 245 | 1 | 0 |
_aMétodos y técnicas de conservación de las obras de arte (1) / _cSimona Cappelli |
| 250 | _aPrimera edición | ||
| 264 | 1 |
_aSanto Domingo : _bUniversidad APEC, _c2015. |
|
| 300 |
_a144 páginas : _bilustraciones, retratos; _c22 cm. |
||
| 336 |
_atexto _btxt _2rdacontent |
||
| 337 |
_asin mediación _bn _2rdamedia |
||
| 338 |
_avolumen _bnc _2rdacarrier |
||
| 500 | _aIncluye referencias bibliográficas y notas al pie de las páginas | ||
| 505 | 0 | _aLa conservación y restauración de los bienes culturales en República Dominicana -- Columnas coloniales del Colegio de Gorjón. Centro Cultural de España, Ciudad Colonial Santo Domingo. Relación técnica final de conservación agosto 2009 -- Pintura mural de Roland Dorcély, hotel Villa Créole, Petionville, Haití | |
| 590 | _aInventariado, 2025/BT | ||
| 942 |
_2ddc _cLBS1 |
||
| 999 |
_c46014 _d46014 |
||